| LEADER | 00446cam a2200133 7i4500 | ||
|---|---|---|---|
| 001 | 0000018713 | ||
| 005 | 20070109090000.0 | ||
| 090 | 0 | 0 | |a T 382.7 |b WOR (MARI) |
| 245 | 0 | 0 | |a World tariff guidebook on customs tariff schedules of import duties for Mauritius : |b October 2006. |
| 260 | 0 | 0 | |a San Francisco: |b World Tariff, |c 2006. |
| 300 | # | # | |a [v.p]. |
| 650 | 0 | 0 | |a Tariff -- |z Mauritius |
| 651 | 0 | 0 | |a Mauritius |
| 999 | |a B000019537 |b Book |c Tariffs |e Business Information Centre | ||